000 00761cam a2200253 a 4500
008
049 _aMAIN
090 _aQM531
_bHOL
100 _aHollinshead, W. Henry.
245 1 0 _aAnatomy for surgeons :
_nvol. 3
_bthe back and limbs /
_cW. Henry Hollinshead.
250 _a2nd ed.
260 _aNew York :
_bHoeber Medical Division;,
_cc1969-
300 _ax, 894 p. :
_bill. ;
_c27 cm.
650 2 _aAnatomy.
650 2 _aBack
_xanatomy & histology.
650 2 _aExtremities
_xanatomy & histology.
650 2 _aGeneral Surgery.
650 2 _aHead
_xanatomy & histology.
907 _a.b10356563
_b27-04-15
_c01-04-15
003
005 20230120204152.0
040 _cNUST
942 _cBOOKS
_kQM531
_mHOL
999 _c118354
_d118354